000 00452nam a2200181Ia 4500
001 424
005 20260306140517.0
008 260306t1945||||xx |||||||||||||| ||spa||
041 _aESP
082 _a111.85
_bR47
100 _aRey Altuna, Luis
_eAUT
245 0 _aQué es lo bello :
_bintroducción a la estética de San Agustin
260 _c1945
300 _a194 páginas :
_c21 cm.
650 _aGEN
654 _aCHU
942 _cLIB
_dJUS
_fJUS
_2ddc
_n
999 _c424
_d424